000 00495nam a2200169 a 4500
001 000047597
005 20201002060629.0
008 180704s2017 dr 000 spa d
020 _a9789945609219
040 _aDO-SdBNP
_bspa
_cBNPHU
082 _axxx
_bM917h
100 1 _aMota, Josary, de la
_975232
245 0 _aHija de dos padres :
_buna historia de fe /
_cJosary de la Mota.
260 _aSanto Domingo :
_bSantuario,
_c2017.
300 _a66 p. ;
_c24 cm.
590 _aInventariado,2018/DG
999 _c47085
_d47085